Super Smash Bros 4 FINAL Roster - Statistics

General Stats
  • This quiz has been taken 222 times
  • The average score is 46 of 56
Answer Stats
Answer % Correct
Mario
97%
Peach
96%
Bowser
95%
Zelda
95%
Luigi
94%
Link
92%
Marth
92%
Roy
91%
Lucas
90%
Pikachu
90%
Donkey Kong
89%
Lucina
89%
Mewtwo
89%
R.O.B.
89%
Bowser Jr.
88%
Cloud
88%
Ganondorf
88%
Bayonetta
86%
Ike
86%
Kirby
86%
Samus
86%
Ryu
85%
Zero Suit Samus
85%
Charizard
84%
Diddy Kong
84%
Lucario
84%
Ness
84%
Robin
84%
Toon Link
84%
Yoshi
84%
Sheik
83%
Corrin
81%
Falco
81%
Fox
81%
Jigglypuff
81%
Dr. Mario
80%
King Dedede
80%
Mega Man
80%
Meta Knight
80%
Rosalina and Luma
80%
Wario
80%
Captain Falcon
79%
Dark Pit
77%
Pac-Man
77%
Pit
77%
Sonic
77%
Greninja
76%
Little Mac
74%
Mr. Game and Watch
74%
Olimar
72%
Palutena
72%
Duck Hunt
69%
Shulk
69%
Mii Fighter
68%
Villager
66%
Wii Fit Trainer
62%
No matching quizzes found
Score Distribution
Percent of People with Each Score
Percentile by Number Answered
Your Score History
You have not taken this quiz